[Event "GER-Cup34 E/V01 email"]
[White "Wilshusen, Horst"]
[Black "Timmermann, Egon"]
[Site "GER email"]
[Round "?"]
[Result "1/2-1/2"]
[Date "2018.01.22"]
[WhiteElo "1529"]
[BlackElo "1403"]
[PlyCount "49"]
[EventDate "2018.01.30"]
[EventType "tourn (corr)"]
[EventRounds "4"]
[EventCountry "GER"]
[SourceTitle "Corr 2020"]
[Source "ChessBase"]
[SourceDate "2019.09.30"]
[SourceVersion "1"]
[SourceVersionDate "2019.09.30"]
[SourceQuality "1"]

1. d4 d5 2. e4 c6 3. e5 Bf5 4. c4 dxc4 5. Bxc4 e6 6. Nc3 Nd7 7. Nge2 Ne7 8. Ng3 Bg6 9. h4 h6 10. h5 Bh7 11. 0-0 Nb6 12. Bb3 Nbd5 13. Nce4 Nc8 14. Qe2 Nde7 15. Bd2 Qxd4 16. Bc3 Qd8 17. Bb4 Qb6 18. Qd2 Nd5 19. Ba5 Bb4 20. Bxb4 Qxb4 21. Bxd5 Qxd2 22. Bxc6+ bxc6 23. Nxd2 0-0 24. Rac1 Ne7 25. Nde4 1/2-1/2

[Event "GER-Cup33 E/V05 email"]
[White "Timmermann, Egon"]
[Black "Schmidt, Torsten"]
[Site "GER email"]
[Round "?"]
[Result "1/2-1/2"]
[Date "2017.12.25"]
[WhiteElo "1403"]
[BlackElo "1881"]
[PlyCount "42"]
[EventDate "2018.01.10"]
[EventType "tourn (corr)"]
[EventRounds "4"]
[EventCountry "GER"]
[SourceTitle "Corr 2020"]
[Source "ChessBase"]
[SourceDate "2019.09.30"]
[SourceVersion "1"]
[SourceVersionDate "2019.09.30"]
[SourceQuality "1"]

1. d4 f5 2. c4 Nf6 3. Nf3 g6 4. g3 Bg7 5. Bg2 0-0 6. 0-0 d6 7. Nc3 c6 8. d5 e5 9. dxe6 Bxe6 10. Qd3 Re8 11. Rd1 Na6 12. Ng5 Nc5 13. Nxe6 Rxe6 14. Qc2 Qc7 15. Rb1 Rae8 16. e3 Nce4 17. Bxe4 Nxe4 18. Nxe4 Rxe4 19. b3 Rd8 20. Bb2 Qe7 21. Bxg7 Qxg7 1/2-1/2

[Event "GER-Cup33 E/V05 email"]
[White "Voigt, Detlev"]
[Black "Timmermann, Egon"]
[Site "GER email"]
[Round "?"]
[Result "1-0"]
[Date "2017.12.25"]
[WhiteElo "1912"]
[BlackElo "1403"]
[PlyCount "89"]
[EventDate "2018.01.10"]
[EventType "tourn (corr)"]
[EventRounds "4"]
[EventCountry "GER"]
[SourceTitle "Corr 2020"]
[Source "ChessBase"]
[SourceDate "2019.09.30"]
[SourceVersion "1"]
[SourceVersionDate "2019.09.30"]
[SourceQuality "1"]

1. d4 d5 2. c4 e6 3. Nc3 Nf6 4. cxd5 exd5 5. Bg5 c6 6. Qc2 Nbd7 7. e3 Be7 8. Bd3 0-0 9. Nge2 Re8 10. 0-0 h6 11. Bh4 Qc7 12. Bg3 Bd6 13. Nb5 cxb5 14. Qxc7 Bxc7 15. Bxc7 a6 16. a4 bxa4 17. Rxa4 Nf8 18. b4 Ne6 19. Be5 Ng4 20. Bg3 Nd8 21. b5 Ne6 22. Nc3 Nf6 23. bxa6 bxa6 24. Bb5 Rd8 25. Bc6 Ra7 26. Ra5 Nc7 27. Bxc7 Rxc7 28. Nxd5 Nxd5 29. Bxd5 Rd6 30. Be4 Kf8 31. Rfa1 Rb6 32. h3 Rc3 33. R5a3 Rc7 34. Bd3 Ra7 35. f3 Ke7 36. R1a2 Kf6 37. Kf2 Ke6 38. e4 Kd6 39. Ke3 Ke6 40. Bc4+ Kf6 41. Ra5 Ke7 42. d5 Kf6 43. Kd4 Ke7 44. e5 Kd7 45. Kc5 1-0

[Event "GER-Cup31 E/V01 email"]
[White "Timmermann, Egon"]
[Black "Wohlfart, Paulus"]
[Site "GER email"]
[Round "?"]
[Result "0-1"]
[Date "2017.04.25"]
[WhiteElo "1403"]
[BlackElo "2217"]
[PlyCount "42"]
[EventDate "2017.05.01"]
[EventType "tourn (corr)"]
[EventRounds "4"]
[EventCountry "GER"]
[SourceTitle "Corr 2020"]
[Source "ChessBase"]
[SourceDate "2019.09.30"]
[SourceVersion "1"]
[SourceVersionDate "2019.09.30"]
[SourceQuality "1"]

1. d4 f5 2. c4 Nf6 3. Nf3 g6 4. g3 Bg7 5. Bg2 0-0 6. 0-0 d6 7. Nc3 c6 8. d5 e5 9. dxe6 Bxe6 10. b3 Na6 11. Bb2 Qe7 12. Ng5 Bd7 13. Qd2 Rad8 14. Rad1 Bc8 15. Ba1 Nc5 16. Qc2 Nh5 17. Nf3 f4 18. Nd2 fxg3 19. fxg3 Qe3+ 20. Kh1 Nxg3+ 21. hxg3 Qh6+ 0-1

[Event "GER S3G2 enginefrei email"]
[White "Timmermann, Egon"]
[Black "Rheindt, Stefan"]
[Site "GER email"]
[Round "?"]
[Result "1/2-1/2"]
[Date "2016.02.29"]
[WhiteElo "1430"]
[BlackElo "1421"]
[PlyCount "72"]
[EventDate "2016.03.07"]
[EventType "tourn (corr)"]
[EventRounds "6"]
[EventCountry "GER"]
[SourceTitle "Corr 2020"]
[Source "ChessBase"]
[SourceDate "2019.09.30"]
[SourceVersion "1"]
[SourceVersionDate "2019.09.30"]
[SourceQuality "1"]

1. d4 d5 2. c4 Bf5 3. Nf3 c6 4. e3 Nf6 5. Nc3 e6 6. a3 Ne4 7. Bd2 Nxd2 8. Nxd2 g5 9. Be2 Bg7 10. 0-0 a6 11. Rc1 Qd6 12. c5 Qc7 13. b4 Nd7 14. Nf3 h6 15. Bd3 Bg4 16. Be2 f5 17. Qc2 Kf7 18. Nd1 Bxf3 19. Bxf3 h5 20. g3 Nf6 21. Be2 h4 22. Kg2 Rac8 23. f4 hxg3 24. hxg3 Ne4 25. Bd3 Nxg3 26. Kxg3 gxf4+ 27. exf4 Bxd4 28. Bxf5 Rcg8+ 29. Kf3 Rh4 30. Qd2 e5 31. Nf2 Rxf4+ 32. Ke2 Rg2 33. Ke1 Qd8 34. Bd3 Qh4 35. Rc2 Rgxf2 36. Rxf2 Rxf2 1/2-1/2

[Event "GER OS-254 email"]
[White "Heyne, Klaus"]
[Black "Timmermann, Egon"]
[Site "GER email"]
[Round "?"]
[Result "1-0"]
[Date "2014.11.10"]
[WhiteElo "1519"]
[BlackElo "1481"]
[PlyCount "71"]
[EventDate "2014.11.17"]
[EventType "tourn (corr)"]
[EventRounds "6"]
[EventCountry "GER"]
[SourceTitle "Corr 2020"]
[Source "ChessBase"]
[SourceDate "2019.09.30"]
[SourceVersion "1"]
[SourceVersionDate "2019.09.30"]
[SourceQuality "1"]

1. d4 d5 2. Nf3 e6 3. Bf4 Bd6 4. e3 Bxf4 5. exf4 Qd6 6. Qd2 Nf6 7. Bd3 Qb6 8. b3 0-0 9. 0-0 c5 10. dxc5 Qxc5 11. Qc3 Qd6 12. Qe5 Qb6 13. Qe3 Qc7 14. Re1 Nbd7 15. Nc3 a6 16. Ne2 b5 17. Ned4 Nc5 18. b4 Nxd3 19. cxd3 Ng4 20. Qd2 Re8 21. Rac1 Qb6 22. Qc3 Bb7 23. Qc7 Qa7 24. h3 Rac8 25. Qd6 Nf6 26. Rxc8 Rxc8 27. f5 Qb8 28. Qxb8 Rxb8 29. fxe6 fxe6 30. Rxe6 Nh5 31. Re7 Kf8 32. Rd7 Nf6 33. Ne6+ Ke8 34. Rxg7 Bc8 35. Nc5 Kf8 36. Ra7 1-0

[Event "GER OS-254 email"]
[White "Timmermann, Egon"]
[Black "Achatz, Michael"]
[Site "GER email"]
[Round "?"]
[Result "0-1"]
[Date "2014.11.10"]
[WhiteElo "1481"]
[BlackElo "1895"]
[PlyCount "38"]
[EventDate "2014.11.17"]
[EventType "tourn (corr)"]
[EventRounds "6"]
[EventCountry "GER"]
[SourceTitle "Corr 2020"]
[Source "ChessBase"]
[SourceDate "2019.09.30"]
[SourceVersion "1"]
[SourceVersionDate "2019.09.30"]
[SourceQuality "1"]

1. d4 Nf6 2. c4 g6 3. Nc3 d5 4. Nf3 Bg7 5. e3 0-0 6. Be2 c5 7. 0-0 cxd4 8. Nxd4 dxc4 9. Bxc4 a6 10. a3 Qc7 11. Be2 Rd8 12. Qe1 e5 13. Nf3 Nc6 14. b4 e4 15. Nd2 Ng4 16. Bxg4 Bxc3 17. Ra2 Bxg4 18. Rc2 Bg7 19. Nxe4 Rd1 0-1

[Event "GER OS-254 email"]
[White "Timmermann, Egon"]
[Black "Hueser, Udo"]
[Site "GER email"]
[Round "?"]
[Result "0-1"]
[Date "2014.11.10"]
[WhiteElo "1481"]
[BlackElo "1749"]
[PlyCount "50"]
[EventDate "2014.11.17"]
[EventType "tourn (corr)"]
[EventRounds "6"]
[EventCountry "GER"]
[SourceTitle "Corr 2020"]
[Source "ChessBase"]
[SourceDate "2019.09.30"]
[SourceVersion "1"]
[SourceVersionDate "2019.09.30"]
[SourceQuality "1"]

1. d4 d5 2. c4 e6 3. Nf3 Nd7 4. e3 Ngf6 5. a3 c6 6. Qc2 Bd6 7. Bd3 0-0 8. 0-0 e5 9. cxd5 cxd5 10. dxe5 Nxe5 11. Nxe5 Bxe5 12. Nd2 Bg4 13. Re1 Re8 14. h3 Bh5 15. Be2 Bxe2 16. Rxe2 Rc8 17. Qa4 Rc6 18. Qxa7 Qc7 19. Nb3 Rc2 20. Rxc2 Qxc2 21. Nd2 Ne4 22. Qa5 Qd1+ 23. Nf1 Rc8 24. Qb5 Qe1 25. Rb1 Qxf2+ 0-1

[Event "GER OS-254 email"]
[White "Timmermann, Egon"]
[Black "Niederdorf, Walter"]
[Site "GER email"]
[Round "?"]
[Result "0-1"]
[Date "2014.11.10"]
[WhiteElo "1481"]
[BlackElo "1560"]
[PlyCount "60"]
[EventDate "2014.11.17"]
[EventType "tourn (corr)"]
[EventRounds "6"]
[EventCountry "GER"]
[SourceTitle "Corr 2020"]
[Source "ChessBase"]
[SourceDate "2019.09.30"]
[SourceVersion "1"]
[SourceVersionDate "2019.09.30"]
[SourceQuality "1"]

1. d4 d5 2. c4 e6 3. Nf3 Nc6 4. e3 Nf6 5. Bd3 Bd6 6. 0-0 0-0 7. c5 Be7 8. a3 e5 9. dxe5 Ng4 10. b4 Ngxe5 11. Nxe5 Nxe5 12. Bb2 f6 13. Bxe5 fxe5 14. Qb3 Bf6 15. Nc3 e4 16. Bc2 c6 17. Rad1 Bg4 18. Rd2 Bxc3 19. Qxc3 Qg5 20. Kh1 Qf6 21. Qxf6 Rxf6 22. h3 Be6 23. Bd1 b6 24. Rc2 b5 25. Rd2 a5 26. Be2 axb4 27. axb4 Ra3 28. Rd4 Ra2 29. Re1 Rxf2 30. Bf1 Rfb2 0-1

[Event "GER-Cup24 E/V01 email"]
[White "Wilshusen, Horst"]
[Black "Timmermann, Egon"]
[Site "GER email"]
[Round "?"]
[Result "1-0"]
[Date "2014.10.30"]
[WhiteElo "1458"]
[BlackElo "1481"]
[PlyCount "55"]
[EventDate "2014.11.07"]
[EventType "tourn (corr)"]
[EventRounds "4"]
[EventCountry "GER"]
[SourceTitle "Corr 2020"]
[Source "ChessBase"]
[SourceDate "2019.09.30"]
[SourceVersion "1"]
[SourceVersionDate "2019.09.30"]
[SourceQuality "1"]

1. e4 e5 2. Nf3 Nc6 3. d4 exd4 4. c3 d5 5. exd5 Qxd5 6. cxd4 Bg4 7. Be2 h6 8. Nc3 Bb4 9. 0-0 Qd7 10. Be3 Nf6 11. a3 Bd6 12. d5 Ne7 13. Qb3 Qc8 14. Rfe1 0-0 15. Rad1 b6 16. Nd4 Bd7 17. Bf3 Rd8 18. Rc1 c5 19. Ncb5 Bg4 20. Bxg4 Qxg4 21. Nc6 Nxc6 22. dxc6 Qc8 23. Bxh6 Qxc6 24. Bg5 Bb8 25. Rcd1 Rxd1 26. Rxd1 g6 27. Qc3 Nd5 28. Qf3 1-0

[Event "GER-Cup22 E/V03 email"]
[White "Eife, Gunter"]
[Black "Timmermann, Egon"]
[Site "GER email"]
[Round "?"]
[Result "1/2-1/2"]
[Date "2014.05.12"]
[WhiteElo "1540"]
[BlackElo "1488"]
[PlyCount "54"]
[EventDate "2014.05.19"]
[EventType "tourn (corr)"]
[EventRounds "4"]
[EventCountry "GER"]
[SourceTitle "Corr 2020"]
[Source "ChessBase"]
[SourceDate "2019.09.30"]
[SourceVersion "1"]
[SourceVersionDate "2019.09.30"]
[SourceQuality "1"]

1. e4 e5 2. Nf3 Nc6 3. Bb5 a6 4. Ba4 Nf6 5. 0-0 b5 6. Bb3 Be7 7. Re1 d6 8. c3 0-0 9. h3 Nb8 10. d4 Bb7 11. Nbd2 Nbd7 12. Bc2 Re8 13. Nf1 c5 14. Ng3 h6 15. d5 Nb6 16. Nf5 Bf8 17. Ng3 Bc8 18. Be3 Nc4 19. b3 Nb6 20. Bd3 Qc7 21. a4 bxa4 22. bxa4 Bd7 23. a5 Nc8 24. c4 Ne7 25. Nh4 Qc8 26. Nh5 Nh7 27. Ng3 Qd8 1/2-1/2

[Event "GER S3G2 enginefrei email"]
[White "Maly, Wolfgang"]
[Black "Timmermann, Egon"]
[Site "GER email"]
[Round "?"]
[Result "1/2-1/2"]
[Date "2014.03.08"]
[WhiteElo "1678"]
[BlackElo "1481"]
[PlyCount "45"]
[EventDate "2014.03.14"]
[EventType "tourn (corr)"]
[EventRounds "6"]
[EventCountry "GER"]
[SourceTitle "Corr 2020"]
[Source "ChessBase"]
[SourceDate "2019.09.30"]
[SourceVersion "1"]
[SourceVersionDate "2019.09.30"]
[SourceQuality "1"]

1. b4 e5 2. Bb2 Bxb4 3. Bxe5 Nf6 4. e3 d5 5. Bb2 Bd6 6. Be2 0-0 7. Nf3 c6 8. 0-0 Nbd7 9. d3 Qc7 10. h3 Ne5 11. Nbd2 Re8 12. Nxe5 Bxe5 13. Bxe5 Qxe5 14. Rb1 b5 15. Nf3 Qe7 16. c3 a6 17. Qb3 Qd6 18. Rb2 Be6 19. Qc2 Bf5 20. Qd2 Be6 21. Rfb1 h6 22. Bd1 Qc7 23. Nd4 1/2-1/2

[Event "GER S3G2 enginefrei email"]
[White "Pibernik, Dario"]
[Black "Timmermann, Egon"]
[Site "GER email"]
[Round "?"]
[Result "0-1"]
[Date "2014.03.08"]
[WhiteElo "1419"]
[BlackElo "1481"]
[PlyCount "26"]
[EventDate "2014.03.14"]
[EventType "tourn (corr)"]
[EventRounds "6"]
[EventCountry "GER"]
[SourceTitle "Corr 2020"]
[Source "ChessBase"]
[SourceDate "2019.09.30"]
[SourceVersion "1"]
[SourceVersionDate "2019.09.30"]
[SourceQuality "1"]

1. e4 e5 2. Nf3 Nc6 3. d4 exd4 4. Nxd4 Nxd4 5. Qxd4 d6 6. Bd3 Nf6 7. Nc3 Be7 8. e5 dxe5 9. Qxe5 0-0 10. Nb5 Bb4+ 11. Kf1 Re8 12. Qxe8+ Qxe8 13. Be3 Nd5 0-1

[Event "GER S3G2 enginefrei email"]
[White "Timmermann, Egon"]
[Black "Kettl, Hans P"]
[Site "GER email"]
[Round "?"]
[Result "1-0"]
[Date "2014.03.08"]
[WhiteElo "1481"]
[BlackElo "1573"]
[PlyCount "75"]
[EventDate "2014.03.14"]
[EventType "tourn (corr)"]
[EventRounds "6"]
[EventCountry "GER"]
[SourceTitle "Corr 2020"]
[Source "ChessBase"]
[SourceDate "2019.09.30"]
[SourceVersion "1"]
[SourceVersionDate "2019.09.30"]
[SourceQuality "1"]

1. d4 Nf6 2. c4 c5 3. d5 b5 4. cxb5 a6 5. bxa6 g6 6. Nc3 Bxa6 7. Nf3 d6 8. Nd2 Bg7 9. e4 Bxf1 10. Nxf1 Qa5 11. Nd2 Qa6 12. Qe2 0-0 13. 0-0 Nbd7 14. Qxa6 Rxa6 15. Nc4 Nb6 16. Nd2 Rfa8 17. a3 Na4 18. Rb1 Rb6 19. Nd1 Rab8 20. f3 Nd7 21. Nc4 Rb5 22. Re1 Ne5 23. Nxe5 Bxe5 24. Re2 Rb3 25. Ra1 Nxb2 26. Bxb2 Bxb2 27. Nxb2 Rxb2 28. Rxb2 Rxb2 29. h3 Kf8 30. a4 Rb6 31. Kf1 e6 32. a5 Ra6 33. Ke2 Ke7 34. Kd3 f5 35. Kc4 Kd7 36. Kb5 Ra8 37. Kb6 Kc8 38. dxe6 1-0

[Event "GER S3G2 enginefrei email"]
[White "Timmermann, Egon"]
[Black "Marx, Patrick"]
[Site "GER email"]
[Round "?"]
[Result "1/2-1/2"]
[Date "2014.03.08"]
[WhiteElo "1481"]
[BlackElo "1890"]
[PlyCount "57"]
[EventDate "2014.03.14"]
[EventType "tourn (corr)"]
[EventRounds "6"]
[EventCountry "GER"]
[SourceTitle "Corr 2020"]
[Source "ChessBase"]
[SourceDate "2019.09.30"]
[SourceVersion "1"]
[SourceVersionDate "2019.09.30"]
[SourceQuality "1"]

1. d4 Nf6 2. c4 g6 3. Nc3 Bg7 4. e3 0-0 5. Nf3 d6 6. Be2 Nc6 7. 0-0 e5 8. d5 Ne7 9. Qc2 Nd7 10. Ne4 Nf6 11. Nxf6+ Bxf6 12. Nd2 Bg7 13. Rb1 c5 14. a3 Kh8 15. h3 Ng8 16. b3 f5 17. Re1 Nf6 18. Bb2 Bd7 19. Rbc1 g5 20. g3 Qe8 21. Kg2 a6 22. Rh1 Qg6 23. Nf1 Rae8 24. Bd3 e4 25. Be2 f4 26. Kg1 f3 27. Bd1 g4 28. h4 h5 29. a4 1/2-1/2

[Event "GER S3G2 enginefrei email"]
[White "Timmermann, Egon"]
[Black "Reindel, Otmar"]
[Site "GER email"]
[Round "?"]
[Result "0-1"]
[Date "2014.03.08"]
[WhiteElo "1481"]
[BlackElo "1911"]
[PlyCount "80"]
[EventDate "2014.03.14"]
[EventType "tourn (corr)"]
[EventRounds "6"]
[EventCountry "GER"]
[SourceTitle "Corr 2020"]
[Source "ChessBase"]
[SourceDate "2019.09.30"]
[SourceVersion "1"]
[SourceVersionDate "2019.09.30"]
[SourceQuality "1"]

1. d4 g6 2. c4 Bg7 3. e3 Nf6 4. Nc3 0-0 5. Nf3 d6 6. Be2 h6 7. 0-0 Kh7 8. Qc2 Nc6 9. a3 e5 10. d5 Ne7 11. Nd2 Bd7 12. b4 Bg4 13. Bxg4 Nxg4 14. h3 Nf6 15. Bb2 Qd7 16. Rfe1 c6 17. dxc6 bxc6 18. Rad1 Nf5 19. Nf3 Qe6 20. Ne4 Nxe4 21. Qxe4 Ne7 22. Qc2 a5 23. Nd2 axb4 24. axb4 d5 25. c5 Rfb8 26. Bc3 e4 27. Nb3 Bxc3 28. Qxc3 Ra3 29. Ra1 d4 30. Nxd4 Rxc3 31. Nxe6 fxe6 32. Red1 Nd5 33. Ra7+ Kg8 34. Rda1 Rc2 35. Ra8 Rxa8 36. Rxa8+ Kf7 37. Ra7+ Kf6 38. Ra4 Rc4 39. Ra6 Nxb4 40. Rb6 Ke5 0-1

[Event "GER-Cup20 E/V03 email"]
[White "Timmermann, Egon"]
[Black "Buchhauser, Gerhard"]
[Site "GER email"]
[Round "?"]
[Result "1-0"]
[Date "2013.12.04"]
[WhiteElo "1488"]
[BlackElo "1817"]
[PlyCount "71"]
[EventDate "2013.12.13"]
[EventType "tourn (corr)"]
[EventRounds "4"]
[EventCountry "GER"]
[SourceTitle "Corr 2020"]
[Source "ChessBase"]
[SourceDate "2019.09.30"]
[SourceVersion "1"]
[SourceVersionDate "2019.09.30"]
[SourceQuality "1"]

1. d4 d5 2. c4 e6 3. e3 Nf6 4. Nc3 Bb4 5. Bd2 0-0 6. Nf3 b6 7. cxd5 Nxd5 8. Qc2 Bb7 9. Be2 Nd7 10. Nxd5 Bxd2+ 11. Qxd2 Bxd5 12. 0-0 Qf6 13. a3 c5 14. Rac1 Rac8 15. b4 c4 16. b5 Rc7 17. Qb4 Rfc8 18. Rc3 e5 19. Rd1 exd4 20. Nxd4 Ne5 21. h3 Qg6 22. Bf1 Nd3 23. Qb1 Be4 24. Qa2 Rc5 25. f3 Bd5 26. a4 Re8 27. Qd2 Qg5 28. Bxd3 cxd3 29. Rxd3 Bb7 30. e4 Qxd2 31. R1xd2 g6 32. Nc2 Rc7 33. Ne3 Rec8 34. Rd4 Kg7 35. Rd7 Ba8 36. Kh2 1-0

[Event "GER-Cup20 E/V03 email"]
[White "Timmermann, Egon"]
[Black "Pimmingstorfer, Christian"]
[Site "GER email"]
[Round "?"]
[Result "1/2-1/2"]
[Date "2013.12.04"]
[WhiteElo "1488"]
[BlackElo "1563"]
[PlyCount "110"]
[EventDate "2013.12.13"]
[EventType "tourn (corr)"]
[EventRounds "4"]
[EventCountry "GER"]
[SourceTitle "Corr 2020"]
[Source "ChessBase"]
[SourceDate "2019.09.30"]
[SourceVersion "1"]
[SourceVersionDate "2019.09.30"]
[SourceQuality "1"]

1. d4 d5 2. c4 dxc4 3. Nf3 Nf6 4. e3 Bg4 5. Bxc4 e6 6. 0-0 a6 7. a3 Nc6 8. b4 Bd6 9. Nbd2 0-0 10. Qc2 e5 11. Bb2 Qe7 12. Rac1 Bxf3 13. Nxf3 e4 14. d5 Nxb4 15. Bxf6 Qxf6 16. axb4 exf3 17. g3 Bxb4 18. Bd3 Bd6 19. Bxh7+ Kh8 20. Be4 Rfe8 21. Rfd1 a5 22. Rd4 b5 23. Qd1 Be5 24. Rc6 Qe7 25. Qxf3 Qa3 26. Rd3 Qa1+ 27. Kg2 Bd6 28. Rd1 Qe5 29. Rd4 Kg8 30. Bd3 b4 31. Re4 Qb2 32. Ra6 Qc3 33. Rd4 Rxa6 34. Bxa6 b3 35. Bd3 b2 36. Qh5 Qxd3 37. Rxd3 b1Q 38. Rd4 Re5 39. Qg4 Qf5 40. Qe2 Re4 41. Rd1 Re5 42. Qb5 Qe4+ 43. Kg1 Qb4 44. Qa6 g6 45. Qa8+ Kg7 46. Ra1 a4 47. Rxa4 Qb3 48. Rh4 Qd1+ 49. Kg2 Qxd5+ 50. Qxd5 Rxd5 51. Kf3 Rd2 52. Rc4 Kf6 53. h4 Rb2 54. Rd4 Rb4 55. Rd2 Ke6 1/2-1/2

[Event "GER Cup19 sf06 serv"]
[White "Meissner, Ruediger"]
[Black "Timmermann, Egon"]
[Site "GER email"]
[Round "?"]
[Result "1-0"]
[Date "2013.07.14"]
[WhiteElo "1995"]
[BlackElo "1478"]
[PlyCount "61"]
[EventDate "2013.07.20"]
[EventType "tourn (corr)"]
[EventRounds "6"]
[EventCountry "GER"]
[SourceTitle "Corr 2015"]
[Source "ChessBase"]
[SourceDate "2015.07.17"]
[SourceVersion "1"]
[SourceVersionDate "2015.07.17"]
[SourceQuality "1"]

1. e4 e5 2. Nf3 Nc6 3. Bc4 Be7 4. d4 d6 5. d5 Na5 6. Bd3 b6 7. b4 Nb7 8. Bb5+ Bd7 9. Ba6 Qb8 10. 0-0 h6 11. c4 Nf6 12. Nc3 0-0 13. Bd2 Nd8 14. Qe2 Re8 15. a4 Bc8 16. Bxc8 Qxc8 17. a5 Bf8 18. Nh4 Qg4 19. Qxg4 Nxg4 20. Nb5 Re7 21. axb6 cxb6 22. f3 Nf6 23. Nf5 Rd7 24. Ra6 Ne8 25. Rfa1 Rc8 26. Ne3 Rb8 27. Nxa7 Rbb7 28. Nc6 Nc7 29. Ra7 Rxa7 30. Rxa7 Nxc6 31. dxc6 1-0

[Event "GER Cup19 sf06 serv"]
[White "Timmermann, Egon"]
[Black "Nyffeler, Hanspeter"]
[Site "GER email"]
[Round "?"]
[Result "0-1"]
[Date "2013.07.14"]
[WhiteElo "1478"]
[BlackElo "2031"]
[PlyCount "44"]
[EventDate "2013.07.20"]
[EventType "tourn (corr)"]
[EventRounds "6"]
[EventCountry "GER"]
[SourceTitle "Corr 2015"]
[Source "ChessBase"]
[SourceDate "2015.07.17"]
[SourceVersion "1"]
[SourceVersionDate "2015.07.17"]
[SourceQuality "1"]

1. d4 Nf6 2. c4 e6 3. Nf3 b6 4. e3 Bb7 5. Be2 d5 6. cxd5 exd5 7. 0-0 Bd6 8. h3 Nbd7 9. a3 0-0 10. b4 Qe7 11. Nbd2 a6 12. Bb2 Ne4 13. Qc2 f5 14. Bd3 c5 15. dxc5 bxc5 16. bxc5 Ndxc5 17. Nb3 Ne6 18. Rab1 f4 19. exf4 Nxf4 20. a4 Nxh3+ 21. Kh1 Rxf3 22. gxf3 Qh4 0-1

[Event "GER Cup19 sf27 serv"]
[White "Zorr, Steffen"]
[Black "Timmermann, Egon"]
[Site "GER email"]
[Round "?"]
[Result "1-0"]
[Date "2013.07.14"]
[WhiteElo "2154"]
[BlackElo "1478"]
[PlyCount "57"]
[EventDate "2013.07.20"]
[EventType "tourn (corr)"]
[EventRounds "6"]
[EventCountry "GER"]
[SourceTitle "Corr 2015"]
[Source "ChessBase"]
[SourceDate "2015.07.17"]
[SourceVersion "1"]
[SourceVersionDate "2015.07.17"]
[SourceQuality "1"]

1. e4 e5 2. Nf3 Nc6 3. Bb5 a6 4. Ba4 Nf6 5. 0-0 d6 6. Bxc6+ bxc6 7. Re1 Be7 8. d4 exd4 9. Nxd4 Bb7 10. Na3 0-0 11. Nc4 Qc8 12. Nf5 Re8 13. Nxe7+ Rxe7 14. f3 Re6 15. Bg5 Nd7 16. Qd2 Nb6 17. Na5 Rb8 18. b4 Ba8 19. a3 Nd7 20. Qc3 Rg6 21. Bh4 c5 22. Nb3 cxb4 23. axb4 Ne5 24. Nd4 Qd7 25. Rxa6 c6 26. Nf5 Kf8 27. Be7+ Kg8 28. Bxd6 Rxd6 29. Qxe5 1-0

[Event "GER-Cup14 E/V03 email"]
[White "Timmermann, Egon"]
[Black "Schidzick, Juergen"]
[Site "GER email"]
[Round "?"]
[Result "0-1"]
[Date "2012.08.28"]
[WhiteElo "1478"]
[BlackElo "1649"]
[PlyCount "34"]
[EventDate "2012.09.05"]
[EventType "tourn (corr)"]
[EventRounds "4"]
[EventCountry "GER"]
[SourceTitle "Corr 2015"]
[Source "ChessBase"]
[SourceDate "2015.07.17"]
[SourceVersion "1"]
[SourceVersionDate "2015.07.17"]
[SourceQuality "1"]

1. d4 Nf6 2. c4 e5 3. dxe5 Ng4 4. Nf3 Bc5 5. e3 Nc6 6. b3 d6 7. exd6 Qf6 8. Qe2 Qxa1 9. Qc2 Bb4+ 10. Nfd2 Qf6 11. Qe4+ Be6 12. f3 Nge5 13. Na3 cxd6 14. Nb5 0-0-0 15. Be2 d5 16. Qc2 d4 17. e4 d3 0-1

[Event "GER-Cup12 E/V02 email"]
[White "Hasche, Marco"]
[Black "Timmermann, Egon"]
[Site "GER email"]
[Round "?"]
[Result "1/2-1/2"]
[Date "2012.05.03"]
[WhiteElo "2022"]
[BlackElo "1478"]
[PlyCount "60"]
[EventDate "2012.05.14"]
[EventType "tourn (corr)"]
[EventRounds "4"]
[EventCountry "GER"]
[SourceTitle "Corr 2015"]
[Source "ChessBase"]
[SourceDate "2015.07.17"]
[SourceVersion "1"]
[SourceVersionDate "2015.07.17"]
[SourceQuality "1"]
[WhiteTeam "Germany"]
[BlackTeam "Germany"]
[WhiteTeamCountry "GER"]
[BlackTeamCountry "GER"]

1. e4 e5 2. Nf3 Nc6 3. Bb5 a6 4. Ba4 Nf6 5. 0-0 Be7 6. Re1 b5 7. Bb3 0-0 8. c3 d6 9. h3 Nb8 10. d4 Nbd7 11. Nbd2 Bb7 12. Bc2 Re8 13. a4 Bf8 14. Bd3 c6 15. b4 g6 16. Nb3 Qc7 17. dxe5 dxe5 18. Be3 Rac8 19. c4 Bxb4 20. Re2 Be7 21. axb5 cxb5 22. cxb5 axb5 23. Bxb5 Red8 24. Bxd7 Rxd7 25. Qc1 Bxe4 26. Qxc7 Rdxc7 27. Nxe5 Bd5 28. Nd4 Bf8 29. Ree1 Bg7 30. Rac1 Rxc1 1/2-1/2

[Event "GER S2G2 enginefrei email"]
[White "Timmermann, Egon"]
[Black "Brandl, Alexander"]
[Site "GER email"]
[Round "?"]
[Result "0-1"]
[Date "2012.01.27"]
[WhiteElo "1478"]
[BlackElo "1789"]
[PlyCount "108"]
[EventDate "2012.02.07"]
[EventType "tourn (corr)"]
[EventRounds "6"]
[EventCountry "GER"]
[SourceTitle "Corr 2015"]
[Source "ChessBase"]
[SourceDate "2015.07.17"]
[SourceVersion "1"]
[SourceVersionDate "2015.07.17"]
[SourceQuality "1"]

1. d4 g6 2. c4 Bg7 3. e4 d6 4. Nc3 a6 5. h3 c6 6. Nf3 b5 7. Qc2 Nd7 8. Bd2 Qc7 9. Bd3 Bb7 10. 0-0 Ngf6 11. b3 0-0 12. Rae1 e5 13. dxe5 dxe5 14. Be3 Rfd8 15. Rd1 Rac8 16. Ng5 h6 17. Nf3 Nf8 18. Qc1 Kh7 19. Qb1 Ne6 20. Rc1 b4 21. Na4 c5 22. Nb2 Nd4 23. Bxd4 exd4 24. Nd2 Nh5 25. Nf3 Nf4 26. Rfe1 Re8 27. Qc2 Bc6 28. Nd2 h5 29. Nf3 Be5 30. Nxe5 Qxe5 31. f3 Qg5 32. Kh2 h4 33. Rf1 Qg3+ 34. Kh1 Re5 35. Qf2 Bd7 36. Qxg3 hxg3 37. Rfd1 Kg7 38. Bf1 f5 39. Nd3 Nxd3 40. Bxd3 f4 41. Bf1 Kf6 42. Rd2 Rb8 43. Rcc2 Rh5 44. Kg1 Ke5 45. Rb2 g5 46. Be2 Rbh8 47. Kf1 Bxh3 48. Bd3 Bd7 49. Rb1 g4 50. Ke2 gxf3+ 51. Kxf3 Rh4 52. Ke2 Bg4+ 53. Ke1 Rh1+ 54. Bf1 Rxf1+ 0-1